MARC

LEADER 00000nas a2200000 a 4500
001 ssj0000070797
003 WaSeSS
005 20200512172242.0
006 m d
007 cr n
008 080721c20049999bl tr pss 0 0por c
010 |a  2008263529 
022 |a 1983-0807  |l 1806-4892  |y 1806-4892 
035 |a (WaSeSS)ssj0000070797 
037 |b Fundação Escola de Comércio Alvares Penteado, Revista Brasileira de gestão de negócios, Av. da Liberdade, 532, São Paulo, SP Brasil Cep. 01502-001 
040 |a TXA  |b eng  |c TXA  |d OCLCQ  |d OCLCF  |d CUS  |d EUW  |d OCLCO  |d OCLCQ  |d CCT  |d OCLCA  |d WaSeSS 
041 0 |a por  |b eng  |b spa 
042 |a pcc 
043 |a s-bl--- 
050 1 4 |a HD28  |b .R478 
210 0 |a Rev. bras. gest. neg.  |b (Online) 
222 0 |a Revista brasileira de gestão de negócios  |b (Online) 
245 0 0 |a Revista brasileira de gestão de negócios  |h [electronic resource]. 
246 1 3 |a RBGN 
246 1 3 |a Gestão de negócios 
260 |a São Paulo :  |b Fundação Escola de Comércio Alvares Penteado,  |c [2004]- 
310 |a Three issues yearly 
362 1 |a Began with: Vol. 6, n. 14 (2004). 
506 |a License restrictions may limit access. 
546 |a In Portuguese, with abstracts also in English and Spanish. 
588 |a Description based on first issue; title from PDF article running title (seer site, viewed July 21, 2008). 
588 |a Latest issue consulted: Vol. 10, n. 27 (2008) (viewed July 21, 2008). 
650 0 |a Management  |v Periodicals. 
650 0 |a Management  |z Brazil  |v Periodicals. 
650 0 |a Industrial management  |v Periodicals. 
650 0 |a Industrial management  |z Brazil  |v Periodicals. 
650 7 |a Industrial management.  |2 fast  |0 (OCoLC)fst00971246 
650 7 |a Management.  |2 fast  |0 (OCoLC)fst01007141 
650 7 |a Business, general.  |2 galestne 
651 7 |a Brazil.  |2 fast  |0 (OCoLC)fst01206830 
653 0 |a Business, general 
655 0 |a Electronic journals. 
710 2 |a Fundação Escola de Comércio Alvares Penteado. 
776 0 8 |i Print version:  |t Revista brasileira de gestão de negócios  |x 1806-4892 
780 0 0 |t Revista Alvares Penteado 
856 4 0 |z Full text available from Research Library: 01/01/2009 to present  |u https://search.proquest.com/publication/1086337